Po tu storonu barrikad; iz istorii borʹby moskovskoĭ burzhuazii s revoli︠u︡t︠s︡ieĭ.

Saved in:
Bibliographic Details
Main Author: Laverychev, V. I︠A︡.
Format: Book
Language:Russian
Published: Moskva, Myslʹ, 1967.
Subjects:
Tags: Add Tag
No Tags, Be the first to tag this record!
LEADER 00754nam a2200229I 4500
001 005698682-3
005 20020606163548.3
008 850919s1967 ru 000 0 rus
010 |a  68040339  
035 0 |a ocm12576704 
040 |a DLC  |c DGW  |d DGW  |d HLS 
050 0 |a DK601  |b .L35 
100 1 |a Laverychev, V. I︠A︡.  |q (Vladimir I︠A︡kovlevich) 
245 1 0 |a Po tu storonu barrikad;  |b iz istorii borʹby moskovskoĭ burzhuazii s revoli︠u︡t︠s︡ieĭ. 
260 |a Moskva,  |b Myslʹ,  |c 1967. 
300 |a 286 p.  |c 21 cm. 
500 |a At head of title: V. I︠A︡. Laverychev. 
500 |a Bibliographical footnotes. 
650 0 |a Middle class  |z Russia (Federation)  |z Moscow. 
651 0 |a Moscow (Russia)  |x History. 
988 |a 20020608 
906 |0 DLC